|
|
|
|
| LEADER |
00000nam0a2200000 4500 |
| 001 |
324897 |
| 005 |
20231102003718.0 |
| 035 |
|
|
|a (RuTPU)RU\TPU\book\350508
|
| 035 |
|
|
|a RU\TPU\book\148301
|
| 090 |
|
|
|a 324897
|
| 100 |
|
|
|a 20161123d1960 km y0rusy50 ca
|
| 101 |
0 |
|
|a rus
|
| 102 |
|
|
|a RU
|
| 105 |
|
|
|a a e 000zy
|
| 200 |
1 |
|
|a Немецко-русский математический словарь. Около 11000 терминов
|e словарь терминов
|f сост. Л. А. Калужнин и др. ; под ред. Л. А. Калужнина
|
| 210 |
|
|
|a Москва
|c Физматгиз
|d 1960
|
| 215 |
|
|
|a 182 с.
|c ил.
|
| 606 |
1 |
|
|a Немецкий язык
|x Терминологические словари
|2 stltpush
|3 (RuTPU)RU\TPU\subj\45383
|9 64626
|
| 606 |
1 |
|
|a Математика
|2 stltpush
|3 (RuTPU)RU\TPU\subj\67327
|9 83171
|
| 610 |
1 |
|
|a математические термины
|
| 675 |
|
|
|a 51(038)
|v 4
|
| 686 |
|
|
|a Ш143.24-43
|v LBC/SL-A
|2 rubbk
|
| 702 |
|
1 |
|a Калужнин
|b Л. А.
|4 220
|
| 702 |
|
1 |
|a Михайлов
|b В. А.
|4 220
|
| 702 |
|
1 |
|a Нижник
|b Л. П.
|4 220
|
| 702 |
|
1 |
|a Стогний
|b А. А.
|4 220
|
| 702 |
|
1 |
|a Калужнин
|b Л. А.
|4 340
|
| 801 |
|
1 |
|a RU
|b 63413507
|c 20080428
|g PSBO
|
| 801 |
|
2 |
|a RU
|b 63413507
|c 20171204
|g PSBO
|
| 942 |
|
|
|c BK
|